01056nam a2200253 a 450000100100000000500170001000800410002704000250006804100390009308200220013210000400015424000680019424501320026226000320039430000280042649000330045450400740048753400840056165000320064565000290067770000320070670000310073883000330076900002388120200930022535.0110115s1975 ru a r 000 0 spa d aDO-SdBNPbspacBNPHU17aspahrus2Código de idiomas MARC a355.021373bF219e1 aFaramazián, Rachek Artashesovich,10aСША: милитаризм и экономика.lEspañol.14aLos Estados Unidos :bmilitarismo y economía /cR. Faramazián ; traducción de José María Guell y Ricardo San Vicente. aMoscú :bProgreso,c1975. a316 p. :bil. ;c21 cm.1 aProgreso. Problemas actuales aIncluye referencias bibliográficas y notas al pie de las páginas. pTítulo original en ruso:tСША: милитаризм и экономика. 4aMilitarismozEstados Unidos 4aAdministración militar1 aGuell, José María,etr.1 aSan Vicente, Ricardo,etr. 0aProgreso. Problemas actuales